How To Patent An Idea In India (Record no. 352481)

MARC details
000 -LEADER
fixed length control field 00558nam a2200169Ia 4500
008 - FIXED-LENGTH DATA ELEMENTS--GENERAL INFORMATION
fixed length control field 230718s9999 xx 000 0 und d
020 ## - INTERNATIONAL STANDARD BOOK NUMBER
International Standard Book Number 9781983372445
041 ## - LANGUAGE CODE
Language code of text/sound track or separate title eng
082 ## - DEWEY DECIMAL CLASSIFICATION NUMBER
Classification number 346.048'6
Item number KAR
100 ## - MAIN ENTRY--PERSONAL NAME
Personal name Karhad P.
9 (RLIN) 202798
245 ## - TITLE STATEMENT
Title How To Patent An Idea In India
Remainder of title From Idea To Generated Patent In Quickest Time, Saving Costs And Making Money With Your Patented Invention
260 ## - PUBLICATION, DISTRIBUTION, ETC. (IMPRINT)
Date of publication, distribution, etc. 2014
Name of publisher, distributor, etc. Karhad P.
300 ## - PHYSICAL DESCRIPTION
Extent 148
365 ## - TRADE PRICE
Currency code Rs.
Price amount 199.00
700 ## - ADDED ENTRY--PERSONAL NAME
Personal name Karhad P.
9 (RLIN) 202798
906 ## - LOCAL DATA ELEMENT F, LDF (RLIN)
d O:0747830-May-2022B:BOMS-56575MHBOM5-124
c GENRL
Holdings
Withdrawn status Lost status Damaged status Not for loan Home library Current library Date acquired Vendor Budget Code Cost, normal purchase price Bill number Total Checkouts Full call number Barcode Date last seen Cost, replacement price Bill Date Koha item type Original Barcode
        Cummins College of Engineering for Women Pune Cummins College of Engineering for Women Pune 30/05/2022 Amazon GENRL 199.00 BOMS-56575MHBOM5-124   346.048'6 CCEP-BK-63692 18/07/2023 199.00 18/07/2023 Books 063692